| 000 | 00554nam a2200193Ia 4500 | ||
|---|---|---|---|
| 999 |
_c11270 _d11270 |
||
| 003 | OSt | ||
| 005 | 20200101161233.0 | ||
| 008 | 190216s9999||||xx |||||||||||||| ||und|| | ||
| 020 | _a9788126534159 | ||
| 040 | _coclc | ||
| 082 |
_a330.015195 _bMAD/I |
||
| 100 |
_aMaddala, G S _9461 |
||
| 245 | 0 |
_aIntroduction To Econometrics / _cG S Maddala ; Kajal Lahiri |
|
| 250 | _a4th ed. | ||
| 260 |
_bWiley India, _c2013. _aNew Delhi: |
||
| 300 | _a634p | ||
| 650 | _aEcnomics | ||
| 942 |
_cBK _2ddc _h330.015195 _iMAD/I _k330.015195 _mMAD/I |
||